Outline of a method of model mapping; with a view to append, by an application of the art of levelling to that of area surveying, the advantage of a section of elevations and depressions to the uses of a map of superficial contents; with some introductory remarks addressed to agriculturalists, landed proprietors, and persons interested in the effectual drainage of towns (Record no. 114905)

MARC details
000 -LEADER
fixed length control field 01239cam a22001815a 4500
001 - CONTROL NUMBER
control field L157659
008 - FIXED-LENGTH DATA ELEMENTS--GENERAL INFORMATION
fixed length control field 130221s1841 xxk f 000 0 eng d
035 ## - SYSTEM CONTROL NUMBER
System control number (Sirsi) u157659
041 0# - LANGUAGE CODE
Language code of text/sound track or separate title eng
100 1# - MAIN ENTRY--PERSONAL NAME
Personal name Denton, J. Bailey
Fuller form of name (John Bailey)
Dates associated with a name 1814-1893
245 00 - TITLE STATEMENT
Title Outline of a method of model mapping; with a view to append, by an application of the art of levelling to that of area surveying, the advantage of a section of elevations and depressions to the uses of a map of superficial contents; with some introductory remarks addressed to agriculturalists, landed proprietors, and persons interested in the effectual drainage of towns
Statement of responsibility, etc. by J. Bailey Denton, ... Second edition. With notes and appendix; including the Act to enable the owners of settled estates to defray the expense of draining by way of mortgage;o an analysis of Mr. Handley's proposed measure; and some suggestions for a bill for facilitating the drainage of land, and promoting an advantageous use of water derived therefrom
260 ## - PUBLICATION, DISTRIBUTION, ETC.
Place of publication, distribution, etc. London
-- Liverpool
Name of publisher, distributor, etc. J. Weale
-- William Grapel
Date of publication, distribution, etc. 1841
300 ## - PHYSICAL DESCRIPTION
Extent 54 p.
Other physical details ill.
Dimensions 8o
583 ## - ACTION NOTE
Action Condition reviewed
Time/date of action 20130226
Status condition level 4
651 #4 - SUBJECT ADDED ENTRY--GEOGRAPHIC NAME
Geographic name Great Britain
Chronological subdivision 1707-
690 ## - LOCAL SUBJECT ADDED ENTRY--TOPICAL TERM (OCLC, RLIN)
Topical term or geographic name as entry element Geomatics
9 (RLIN) 6242
942 ## - ADDED ENTRY ELEMENTS (KOHA)
Suppress in OPAC 0
Holdings
Withdrawn status Lost status Source of classification or shelving scheme Damaged status Not for loan Home library Current library Shelving location Date acquired Total Checkouts Full call number Barcode Date last seen Copy number Price effective from Koha item type
    Dewey Decimal Classification     Historic collection Historic collection Historic collection 21/02/2013   QUARTO 1841 DENTON 30078160 06/08/2019 1 06/08/2019 Book